| Registos Bibliográficos associados ao registo de autoridade |
|
Etiqueta de registo: 00000nam 2200025 450 001 2288706 003 http://id.bnportugal.gov.pt/bib/catbnp/2288706 100 ## $a20260624d2026 k y0pory01030103ba 101 0# $aeng$dpor 102 ## $aPT 105 ## $aa m 000yy 106 ## $ar 200 1# $aMultibody methods for the structural design and condition monitoring of surface vehicles$fPedro Moreira Ordiales Millan$gorient. Jorge Alberto Cadete Ambrósio, Lucas Filipe Martins da Silva 210 #9 $aLisboa$c[s.n.],$d2026 215 ## $aXX, 241 p.$cil.$d30 cm 328 #1 $aTese dout. Mechanical Engineering, Instituto Superior Técnico, Universidade de Lisboa,
2026 700 #1 $aMillan,$bPedro Moreira Ordiales$32001543 702 #1 $aAmbrósio,$bJorge A. C.$4727$3672083 702 #1 $aSilva,$bLucas Filipe Martins da,$f1973-$4727$3944724 801 #0 $aPT$bBN$gRPC 966 ## $lBN$mFGMON$x1 971 ## $corlando$d20260624
|
|
|